000 00781nam a22002057a 4500
005 20130314153252.0
010 _aENG-105325 B-489120
020 _a9789380707372
_c345.00
035 _aEN-88858 B-489120
037 _bDBAD/PUB
037 _bStar Pub/Ven
082 _a294.5433
100 _aAnand Krishna
245 _aThe Hanuman factor :
_cby Anand Krishna
_blife lessons from the most successful spiritual CEO : the inner significance of Shree Hanuman Chalisa /
260 _aNew Delhi
_bGlobal Vision Press
_c2012
270 _a4855/24,Ansari Road,Daryaganj
_bNew Delhi
_e110002
300 _a210p.
_c22cm (Hb)
942 _2ddc
_cEN
_mANA
_h294.5433
999 _c66838
_d66838